English vocabulary in use : (Record no. 2215)
[ view plain ]
| 000 -LEADER | |
|---|---|
| fixed length control field | 01686cam a22003975i 4500 |
| 003 - CONTROL NUMBER IDENTIFIER | |
| control field | EG-ScBUE |
| 005 - DATE AND TIME OF LATEST TRANSACTION | |
| control field | 20191211104416.0 |
| 006 - FIXED-LENGTH DATA ELEMENTS--ADDITIONAL MATERIAL CHARACTERISTICS--GENERAL INFORMATION | |
| fixed length control field | m||||fq||h 00| 0 |
| 008 - FIXED-LENGTH DATA ELEMENTS--GENERAL INFORMATION | |
| fixed length control field | 120301r20081997enka f 001 0 eng d |
| 020 ## - INTERNATIONAL STANDARD BOOK NUMBER | |
| International Standard Book Number | 9780521614658 (pbk. & CD-ROM) |
| 020 ## - INTERNATIONAL STANDARD BOOK NUMBER | |
| International Standard Book Number | 9780521011716 |
| 040 ## - CATALOGING SOURCE | |
| Original cataloging agency | EG-ScBUE |
| Language of cataloging | eng |
| Description conventions | rda |
| Transcribing agency | EG-ScBUE |
| Modifying agency | EG-ScBUE |
| 082 04 - DEWEY DECIMAL CLASSIFICATION NUMBER | |
| Classification number | 428.24 |
| Item number | RED |
| Edition number | 22 |
| 100 1# - MAIN ENTRY--PERSONAL NAME | |
| Personal name | Redman, Stuart, |
| Relator term | author. |
| 9 (RLIN) | 29151 |
| 245 10 - TITLE STATEMENT | |
| Title | English vocabulary in use : |
| Remainder of title | pre-intermediate and intermediate : 100 units of vocabulary reference and practice : self-study and classroom use / |
| Statement of responsibility, etc | Stuart Redman. |
| 246 3# - VARYING FORM OF TITLE | |
| Title proper/short title | English vocabulary in use : |
| Remainder of title | pre-intermediate and intermediate : hundred units of vocabulary reference and practice : self-study and classroom use |
| 250 ## - EDITION STATEMENT | |
| Edition statement | Second edition. |
| 250 ## - EDITION STATEMENT | |
| Edition statement | Thirteenth printing. |
| 264 #1 - PUBLICATION, DISTRIBUTION, ETC. (IMPRINT) | |
| Place of publication, distribution, etc | Cambridge : |
| Name of publisher, distributor, etc | Cambridge University Press, |
| Date of publication, distribution, etc | 2008. |
| 300 ## - PHYSICAL DESCRIPTION | |
| Extent | vi, 263 pages : |
| Other physical details | illustrations ; |
| Dimensions | 27 cm + |
| Accompanying material | 1 CD |
| 336 ## - CONTENT TYPE | |
| Source | rdacontent |
| Content type term | text |
| Content type code | txt |
| 336 ## - CONTENT TYPE | |
| Source | rdacontent |
| Content type term | sounds |
| Content type code | snd |
| 337 ## - MEDIA TYPE | |
| Source | rdamedia |
| Media type term | unmediated |
| Media type code | n |
| 337 ## - MEDIA TYPE | |
| Source | rdamedia |
| Media type term | audio |
| Media type code | s |
| 338 ## - CARRIER TYPE | |
| Source | rdacarrier |
| Carrier type term | volume |
| Carrier type code | nc |
| 338 ## - CARRIER TYPE | |
| Source | rdacarrier |
| Carrier type term | computer disc |
| Carrier type code | cd |
| 500 ## - GENERAL NOTE | |
| General note | Includes index. |
| 590 ## - LOCAL NOTE (RLIN) | |
| Local note | Aml khaled |
| 650 #7 - SUBJECT ADDED ENTRY--TOPICAL TERM | |
| Topical term or geographic name as entry element | Vocabulary |
| General subdivision | Problems, exercises, etc. |
| Source of heading or term | BUEsh |
| 9 (RLIN) | 29152 |
| 650 #7 - SUBJECT ADDED ENTRY--TOPICAL TERM | |
| Topical term or geographic name as entry element | English language |
| Form subdivision | Textbooks for foreign speakers. |
| Source of heading or term | BUEsh |
| 9 (RLIN) | 29153 |
| 653 ## - INDEX TERM--UNCONTROLLED | |
| Resource For college | Humanities: English |
| Arrived date list | July2019 |
| 655 ## - INDEX TERM--GENRE/FORM | |
| Form subdivision | Reading book |
| 856 41 - ELECTRONIC LOCATION AND ACCESS | |
| Materials specified | Table of contents only |
| Uniform Resource Identifier | <a href="http://www.loc.gov/catdir/toc/fy0701/2006280997.html">http://www.loc.gov/catdir/toc/fy0701/2006280997.html</a> |
| 856 41 - ELECTRONIC LOCATION AND ACCESS | |
| Materials specified | Publisher description |
| Uniform Resource Identifier | <a href="http://www.loc.gov/catdir/enhancements/fy0665/2006280997-d.html">http://www.loc.gov/catdir/enhancements/fy0665/2006280997-d.html</a> |
| 942 ## - ADDED ENTRY ELEMENTS (KOHA) | |
| Call number prefix | 428.2 R2485 |
| Source of classification or shelving scheme | Dewey Decimal Classification |
| Koha item type | Book - Borrowing |
| Withdrawn status | Lost status | Source of classification or shelving scheme | Materials specified (bound volume or other part) | Damaged status | Not for loan | Home library | Current library | Shelving location | Date acquired | Source of acquisition | Cost, normal purchase price | Total Checkouts | Total Renewals | Full call number | Barcode | Date last seen | Date checked out | Cost, replacement price | Koha item type | Collection code | Serial Enumeration / chronology | Checked out |
|---|---|---|---|---|---|---|---|---|---|---|---|---|---|---|---|---|---|---|---|---|---|---|
| Lost | Dewey Decimal Classification | Lost In Inventory_2015-8-23 | Central Library | Central Library | Second Floor | 07/02/2013 | Purchase | 93.00 | 2 | 2 | 428.24 RED | 000002061 | 20/10/2010 | 27/10/2008 | 116.25 | Book - Borrowing | ||||||
| Dewey Decimal Classification | Central Library | Central Library | Second Floor | 21/10/2010 | Purchase | 93.00 | 428.24 RED | 000022425 | 21/01/2024 | 116.25 | CD | DVD - With book | |||||||||||
| Dewey Decimal Classification | Central Library | Central Library | Second Floor | 27/02/2012 | Purchase | 720.00 | 2 | 7 | 428.24 RED | 000026217 | 16/03/2014 | 16/03/2014 | 900.00 | Book - Borrowing | دار نهضة مصر | 187 | 05/10/2015 | |||||
| Dewey Decimal Classification | Central Library | Central Library | Second Floor | 27/02/2012 | Purchase | 93.00 | 2 | 1 | 428.24 RED | 000026218 | 24/08/2022 | 15/04/2013 | 116.25 | CD | DVD - With book | دار نهضة مصر | 187 | ||||||
| Dewey Decimal Classification | Central Library | Central Library | Second Floor | 24/08/2015 | Purchase | 4 | 14 | 428.24 RED | 000015296 | 15/07/2025 | 19/01/2020 | Book - Borrowing | ||||||||||
| Dewey Decimal Classification | Central Library | Central Library | Second Floor | 24/08/2015 | Purchase | 428.24 RED | 000015775 | 24/08/2022 | CD | DVD - (NB) |